Los avatares de la familia al final del siglo XX : una revisión del concepto (Record no. 114520)
[ view plain ]
| 000 -CABECERA | |
|---|---|
| campo de control de longitud fija | 00542nab a2200193 a 4500 |
| 005 - FECHA Y HORA DE LA ÚLTIMA TRANSACCIÓN | |
| campo de control | 20210219155307.0 |
| 008 - ELEMENTOS DE LONGITUD FIJA--INFORMACIÓN GENERAL | |
| campo de control de longitud fija | 991125s1985 mx 000 0 spa u |
| 035 ## - NÚMERO DE CONTROL DEL SISTEMA | |
| Número de control de sistema | UPN01000142373 |
| 100 1# - ASIENTO PRINCIPAL--NOMBRE PERSONAL | |
| Nombre de persona | Incháustegui Romero, Teresa |
| 222 #0 - TÍTULO CLAVE | |
| Título clave | PSICOLOGIA IBEROAMERICANA |
| 245 04 - MENCIÓN DE TÍTULO | |
| Título | Los avatares de la familia al final del siglo XX : una revisión del concepto |
| 260 ## - PUBLICACIÓN, DISTRIBUCIÓN, ETC. | |
| Lugar de publicación, distribución, etc. | México |
| 300 ## - DESCRIPCIÓN FÍSICA | |
| Extensión | 6-13 |
| 362 0# - FECHAS DE PUBLICACIÓN Y/O DESIGNACIÓN SECUENCIAL | |
| Fecha de publicación y/o designación secuencial | 2001 Vol. 9, no. 1, mar. |
| 653 0# - TERMINO DE INDIZACION - NO CONTROLADO | |
| Término no controlado | FAMILIA |
| 653 0# - TERMINO DE INDIZACION - NO CONTROLADO | |
| Término no controlado | MUJERES |
| 653 0# - TERMINO DE INDIZACION - NO CONTROLADO | |
| Término no controlado | POLITICA SOCIAL |
| 905 ## - TIPO DE MATERIAL | |
| Tipo de material | Articulo |
No items available.
